Fair Trade - Pozitívna alternatíva pre rozvojové krajiny

Koncepcia Fair Trade, prostredníctvom ktorej sa prinavracia dôstojnosť utláčaným a znevýhodňovaným producentom. Strategický cieľ spravodlivého obchodu. Základné princípy. Aktéri Fair Trade. Medzinárodné Fair Trade inštitúcie.

Guardado en:
Detalles Bibliográficos
Autor principal: Pásztorová, Jana, 1960-
Formato: Capítulo de libro
Lenguaje:eslovaco
Materias:
Etiquetas: Agregar Etiqueta
Sin Etiquetas, Sea el primero en etiquetar este registro!

MARC

LEADER 00000naa$a2200000$$$4500
001 0050957
005 20240502071605.2
041 0 |a slo 
044 |a SK 
245 1 0 |a Fair Trade - Pozitívna alternatíva pre rozvojové krajiny  |c Jana Pásztorová 
520 |a Koncepcia Fair Trade, prostredníctvom ktorej sa prinavracia dôstojnosť utláčaným a znevýhodňovaným producentom. Strategický cieľ spravodlivého obchodu. Základné princípy. Aktéri Fair Trade. Medzinárodné Fair Trade inštitúcie. 
610 2 0 |a obchod zahraničný 
610 2 0 |a trh svetový 
610 2 0 |a spolupráca medzinárodná 
610 2 0 |a organizácie medzinárodné 
610 2 0 |a výrobcovia 
610 2 0 |a podmienky obchodné 
610 2 0 |a krajiny rozvojové 
100 1 |a Pásztorová, Jana, 1960-